| 000 | 01511cam a22003734i 4500 | ||
|---|---|---|---|
| 001 | 14519494 | ||
| 003 | EG-ScBUE | ||
| 005 | 20250720114630.0 | ||
| 008 | 060825t2007 njua f b 001 0 eng | ||
| 020 | _a9780471464839 | ||
| 020 | _a047146483X | ||
| 035 | _a(OCoLC)ocm71223235 | ||
| 035 | _a(OCoLC)71223235 | ||
| 040 |
_aEG-ScBUE _beng _erda _cEG-ScBUE _dEG-ScBUE |
||
| 082 | 0 | 4 |
_a541.2242 _222 _bMAR |
| 100 | 1 |
_aMarusak, Rosemary A., _eauthor. |
|
| 245 | 1 | 0 |
_aIntegrated approach to coordination chemistry : _ban inorganic laboratory guide / _cRosemary A. Marusak, Kenyon College, Gambir, Ohio, Kate Doan, Scott D. Cummings, Kenyon College, Gambir, Ohio. |
| 264 | 1 |
_aHoboken, New Jersey : _bWiley-Interscience, _c[2007] |
|
| 264 | 4 | _cc2007 | |
| 300 |
_axxi, 266 pages : _billustrations ; _c26 cm |
||
| 336 |
_2rdacontent _atext _btxt |
||
| 337 |
_aunmediated _2rdamedia _bn |
||
| 338 |
_avolume _bnc _2rdacarrier |
||
| 500 | _aIncludes Appendices. | ||
| 504 | _aIncludes bibliographical references and index. | ||
| 650 | 7 |
_aCoordination compounds. _2BUEsh |
|
| 655 | _vReading book | ||
| 700 | 1 |
_aDoan, Kate, _eauthor. |
|
| 700 | 1 |
_aCummings, Scott D., _eauthor. |
|
| 856 | 4 | 1 |
_3Table of contents only _uhttp://www.loc.gov/catdir/toc/ecip0620/2006028497.html |
| 856 | 4 | 2 |
_3Contributor biographical information _uhttp://www.loc.gov/catdir/enhancements/fy0740/2006028497-b.html |
| 856 | 4 | 2 |
_3Publisher description _uhttp://www.loc.gov/catdir/enhancements/fy0740/2006028497-d.html |
| 942 |
_2ddc _cBB |
||
| 999 |
_c10536 _d10536 |
||